000
00285nam a2200097Ia 4500
008
220204s9999 xx 000 0 und d
082
_a
330.34(100)
_b
WOR
245
0
_a
World development report 2000/2001 : Attacking poverty
260
_a
Oxford
_b
Oxford University Press
_c
2001
942
_c
BK
999
_c
41747
_d
41747